000
00334 a2200145 4500
001
153501
040
_c
Escola São Tomás de Aquino
100
_a
AGUIAR, Luiz Antonio
240
1
0
_a
O mestre das Harpias
_l
por
245
1
0
_a
O mestre das Harpias
362
0
_a
1997
440
1
_a
FTD
697
_a
*LITERATURA JUVENIL
942
_c
BK
999
_c
153501
_d
153501